| 000 | 00688nam a2200217 4500 | ||
|---|---|---|---|
| 003 | OSt | ||
| 005 | 20240626084154.0 | ||
| 006 | a | ||
| 008 | 240626b |||||||| |||| 00| 0 eng d | ||
| 020 | _a9789719349563 | ||
| 040 |
_aDWCL-Main lib. _cOC |
||
| 082 | _aFil. 620 B229b 2006 | ||
| 100 | _aBarba, Joshua A. | ||
| 245 | _aBuilding utilities : electrical, mechanical, acoustic / | ||
| 260 |
_aLegazpi City : _bAndes Mountain Printers, _cc2006. |
||
| 300 |
_b243 p. : ill. ; _c25 cm. |
||
| 650 | _a1. Electrical engineering-Terminology. | ||
| 650 | _a2. Mechanical engineering-Terminology. | ||
| 650 | _a3. Architectural acoustics-Terminology. | ||
| 942 |
_2ddc _n0 _cBK - FIL _kFil. |
||
| 999 |
_c1432 _d1432 |
||